000 nam a22 7a 4500
999 _c23266
_d23266
008 170126b xxu||||| |||| 00| 0 eng d
050 _aRT 55 .R5 2011
245 _aThe RN course book :
_bpreparation for the NCLEX-RN examination/
250 _a14 th ed.
260 _aNew York :
_bKaplan Publishing,
_c2011.
300 _a649p. :
_bill. ;
_c28 cm.
650 _aNursing
942 _2lcc
_cBOOKS
_hRT 55 .R5 2011